| 000 | 00512nam a2200193Ia 4500 | ||
|---|---|---|---|
| 003 | OSt | ||
| 005 | 20260228120141.0 | ||
| 008 | 210716s2005 xx 000 0 und d | ||
| 020 | _a8176499552 | ||
| 040 | _cAIMIT LIBRARY | ||
| 041 | _aeng | ||
| 082 |
_a398.921 _21 _bAMMC |
||
| 100 |
_aAmmer, Christine. _9257182 |
||
| 245 |
_aCliches / _cBy Christine Ammer. |
||
| 250 | _a1st ed. | ||
| 260 |
_aNew Delhi : _bViva Books , _c2005. |
||
| 300 |
_aviii,488p. ; _bPB _c23.3 cm |
||
| 942 |
_2ddc _cBK _e1st _k398.921 AMMC |
||
| 999 |
_c192129 _d192129 |
||